[Event "XLV Sevilla Open 2020"]
[Site "Sevilla"]
[Date "2020.01.15"]
[Round "6.15"]
[White "Corbalan Gomez, Juan Jose"]
[Black "Soumya, Swaminathan"]
[Result "1-0"]
[WhiteElo "2243"]
[BlackElo "2384"]
[Annotator "ChessBase"]
[PlyCount "87"]
[EventDate "2020.01.05"]
[EventType "swiss"]
[EventCountry "ESP"]
[SourceTitle "playchess.com"]
[Source "ChessBase"]
[SourceQuality "1"]
[TimeControl "5400+30"]

1. e4 {[%emt 0:07:24]} c5 {[%emt 0:00:00]} 2. Nf3 {[%emt 0:00:03]} d6 {[%emt 0:00:00]} 3. d4 {[%emt 0:00:03]} cxd4 {[%emt 0:00:01]} 4. Nxd4 {[%emt 0:00:02]} Nf6 {[%emt 0:00:08]} 5. Nc3 {[%emt 0:00:02]} Nc6 {[%emt 0:00:07]} 6. Bg5 {[%emt 0:00:05]} e6 {[%emt 0:00:19]} 7. Qd2 {[%emt 0:00:02]} a6 {[%emt 0:00:20]} 8. f3 {[%emt 0:00:30]} h6 {[%emt 0:07:59]} 9. Be3 {[%emt 0:00:35]} d5 {[%emt 0:12:29]} 10. exd5 {[%emt 0:00:19]} Nxd5 {[%emt 0:00:04]} 11. Nxd5 {[%emt 0:01:01]} Qxd5 {[%emt 0:00:26]} 12. Nxc6 {[%emt 0:03:16]} Qxd2+ {[%emt 0:02:34]} 13. Bxd2 {[%emt 0:01:16]} bxc6 {[%emt 0:00:03]} 14. Bd3 {[%emt 0:00:54]} Bd6 {[%emt 0:14:52]} 15. O-O-O {[%emt 0:00:42]} Bb7 {[%emt 0:06:54]} 16. Bc3 {[%emt 0:03:26]} Bf4+ {[%emt 0:02:57]} 17. Kb1 {[%emt 0:02:08]} O-O {[%emt 0:03:20]} 18. g3 {[%emt 0:03:02]} Bc7 {[%emt 0:00:27]} 19. Be2 {[%emt 0:07:38]} c5 {[%emt 0:03:46]} 20. Rhf1 {[%emt 0:13:39]} Bd5 {[%emt 0:08:29]} 21. f4 {[%emt 0:00:36]} Rfd8 {[%emt 0:01:29]} 22. Rd2 {[%emt 0:17:51]} c4 {[%emt 0:05:02]} 23. Bf3 {[%emt 0:04:05]} Bxf3 {[%emt 0:14:24]} 24. Rxf3 {[%emt 0:00:02]} e5 {[%emt 0:02:46]} 25. fxe5 {[%emt 0:01:31]} Bxe5 {[%emt 0:01:07]} 26. Kc1 {[%emt 0:01:08]} Bc7 {[%emt 0:02:00]} 27. Rd4 {[%emt 0:13:14]} Rxd4 {[%emt 0:00:47]} 28. Bxd4 {[%emt 0:00:01]} Rd8 {[%emt 0:00:14]} 29. c3 {[%emt 0:01:04]} Rd5 {[%emt 0:02:34]} 30. Re3 {[%emt 0:00:40]} Kf8 {[%emt 0:00:25]} 31. b3 {[%emt 0:04:04]} cxb3 {[%emt 0:00:24]} 32. axb3 {[%emt 0:00:01]} Bd6 {[%emt 0:02:33]} 33. Kc2 {[%emt 0:00:27]} f5 {[%emt 0:01:36]} 34. Kd3 {[%emt 0:00:22]} Kf7 {[%emt 0:00:32]} 35. b4 {[%emt 0:02:38]} Rb5 {[%emt 0:03:09]} 36. Re2 {[%emt 0:00:39]} Rb8 {[%emt 0:02:23]} 37. Ra2 {[%emt 0:00:16]} Ra8 {[%emt 0:00:04]} 38. b5 {[%emt 0:00:19]} a5 {[%emt 0:00:14]} 39. c4 {[%emt 0:00:01]} Bb4 {[%emt 0:00:40]} 40. c5 {[%emt 0:00:13]} g5 {[%emt 0:01:24]} 41. b6 {[%emt 0:00:34]} Ke6 {[%emt 0:00:36]} 42. Kc4 {[%emt 0:00:04]} Kd7 {[%emt 0:00:27]} 43. Kb5 {[%emt 0:00:03]} Rd8 {[%emt 0:00:46]} 44. c6+ {[%emt 0:00:24]} 1-0

[Event "XLV Sevilla Open 2020"]
[Site "Sevilla"]
[Date "2020.01.15"]
[Round "6.16"]
[White "Pogorelov, Ruslan"]
[Black "Pingin, Artem"]
[Result "1/2-1/2"]
[WhiteElo "2377"]
[BlackElo "2143"]
[Annotator "TA"]
[PlyCount "152"]
[EventDate "2020.01.05"]
[EventType "swiss"]
[EventCountry "ESP"]
[SourceTitle "playchess.com"]
[Source "ChessBase"]
[SourceQuality "1"]

{[%evp 12,152,27,9,36,40,55,41,64,60,66,58,67,63,81,45,68,36,41,41,54,8,8,8,9,10,12,12,9,0,18,19,21,0,15,14,22,29,25,23,45,22,21,0,0,0,0,0,2,0,0,0,0,0,5,0,4,0,0,-54,-54,-54,-47,-41,-44,-67,-67,-68,-68,-68,-68,-102,-70,-70,-70,-70,-70,-85,-70,-75,-76,-103,-103,-103,-103,-103,-103,-103,-103,-103,-69,-103,-69,-103,-95,-96,-96,-92,0,-103,-69,-103,-103,-103,-103,-103,-56,-56,-56,-56,-56,-56,-56,-56,-56,-56,-56,-56,-56,-56,-56,-56,-56,-56,0,-56,-56,-56,-56,-56,-56,-56,-56,-56,-40,-56,-24,-31,-24,-31,-31,-45,0]} 1. Nf3 d5 2. d4 e6 3. c4 dxc4 4. e3 Nf6 5. Bxc4 c5 6. O-O Nc6 7. a3 Be7 {D26: Queen's Gambit Accepted: 4 e3 e6 5 Bxc5 c5 sidelines} (7... a6 8. dxc5 Qxd1 9. Rxd1 Bxc5 10. Be2 b5 11. b4 Be7 12. Bb2 Bb7 13. Nbd2 O-O 14. Nb3 Rfd8 15. Ne1 Rxd1 16. Rxd1 Rd8 17. Rxd8+ Nxd8 18. f3 Nd7 19. e4 e5 20. g3 f6 21. Bf1 Kf7 {½-½ (29) So,W (2754)-Wei,Y (2736) Abidjan 2019}) 8. dxc5 Bxc5 9. Qxd8+ $146 (9. Nbd2 {is more complex.} Bd6 10. b4 O-O 11. Bb2 a6 12. Qc2) ({Predecessor:} 9. b4 Bd6 10. Bb2 O-O 11. Nbd2 Qe7 12. Be2 a6 13. Nc4 Bc7 14. Nce5 Nxe5 15. Nxe5 {½-½ (58) Speelman,J (2555)-Gonzalez Garcia,J (2447) Mallorca 2004}) 9... Kxd8 {White is slightly better.} 10. b4 Bd6 11. Bb2 Bd7 12. Nbd2 Ke7 13. Be2 a6 14. Nc4 Bc7 15. Rfd1 Rhd8 16. Nfe5 Nxe5 17. Nxe5 Ba4 18. Rdc1 Rac8 {Black wants to play ...Rd2.} 19. Bf3 Nd5 20. Nd3 Kf8 21. Nc5 Bc6 22. g3 Bb8 23. Bg2 Bd6 24. Nb3 Bc7 25. Bd4 e5 26. Bc5+ Ke8 27. Na5 Bxa5 $1 28. bxa5 Nf6 29. Bb6 Rd3 30. a4 g5 31. Rc4 g4 32. Rac1 Kd7 33. Rc5 Kd6 34. Bf1 Rd2 35. R5c2 (35. R5c4 $11) 35... Rxc2 $15 36. Rxc2 Bd7 37. Rxc8 Bxc8 {[%mdl 4096] Endgame KBB-KBN} 38. Bd8 Nd5 39. Bd3 h5 40. Be4 Nc3 41. Bg2 Nxa4 42. f4 Nc5 43. fxe5+ Kxe5 44. Bc7+ Kf5 45. Bd5 Be6 46. Bb6 Bxd5 47. Bxc5 $17 {KB-KB} Ke4 48. Kf2 Kd3 49. Bb6 f5 50. Bc7 Bf3 51. Bb6 Kc4 52. Ke1 Kd5 53. Kd2 Ke4 54. Ke1 Kd3 55. Kf2 Kd2 56. Bc7 Be4 57. Bb6 Kd1 58. Bc7 b5 59. axb6 Bb7 60. Bd6 a5 {[%cal Ba6a5,Ba5a4][%mdl 32]} 61. Be7 a4 62. Bf8 Be4 63. Be7 $1 Kd2 64. Bf8 Kc2 65. Ke1 Bf3 66. Be7 Kd3 67. Kf2 Kc2 68. Ke1 $1 Kb2 {[#] Threatens to win with ...a3.} 69. Bf6+ Kb1 {Strongly threatening ...a3.} 70. Be7 Kc2 71. Bf8 Be4 72. Be7 Kb2 {[#] ...a3 is the strong threat.} 73. Bf6+ Ka2 {White must now prevent ...a3.} (73... Kc1 $5 {[%cal Ra4a3]} 74. Be7 Kc2 $17) 74. Kd2 a3 {And now ...Kb1 would win.} 75. Kc1 $1 Kb3 76. Kd2 Ka2 {Accuracy: White = 63%, Black = 66%.} 1/2-1/2

[Event "XLV Sevilla Open 2020"]
[Site "Sevilla"]
[Date "2020.01.15"]
[Round "6.17"]
[White "Henni, Mohamed"]
[Black "Padmini, Rout"]
[Result "1-0"]
[WhiteElo "2202"]
[BlackElo "2369"]
[Annotator "TA"]
[PlyCount "111"]
[EventDate "2020.01.05"]
[EventType "swiss"]
[EventCountry "ESP"]
[SourceTitle "playchess.com"]
[Source "ChessBase"]
[SourceQuality "1"]

{[%evp 9,111,4,49,53,65,72,52,71,57,60,91,80,131,90,97,87,106,71,114,91,379,393,396,405,390,400,387,376,372,336,329,317,379,365,376,329,308,320,334,322,336,336,340,300,369,366,368,354,442,434,472,453,590,586,633,605,729,757,703,554,690,665,752,745,736,735,763,763,755,755,874,748,724,662,671,603,667,653,1103,699,702,695,695,686,665,651,773,773,773,767,762,750,1081,1051,1056,906,5339,5339,5643,5635,29973,29971,29969,29972]} 1. e4 c5 2. Nc3 Nc6 3. g3 h5 4. h4 Nf6 5. Bg2 {[#]} d5 $146 ({Predecessor:} 5... d6 6. Nge2 Rb8 7. d4 cxd4 8. Nxd4 e5 9. Ndb5 a6 10. Na3 Bg4 11. f3 Be6 12. Bg5 Qb6 13. Rb1 Be7 14. Bh3 Bxh3 15. Rxh3 Qg1+ {0-1 (15) Tsyntsarski,B (1697)-Tzonev,K (2101) Teteven 2015}) 6. Nxd5 {B24: Closed Sicilian: 3 g3 sidelines} Nxd5 7. exd5 Nb4 8. a3 {White is slightly better.} Nxd5 9. d4 e6 10. Nf3 Be7 (10... Nf6 $142) 11. O-O cxd4 12. Qxd4 Bf6 13. Qe4 Bd7 14. Rd1 {Strongly threatening Rxd5.} Qc7 $2 {[%mdl 8192]} (14... Qc8 $16) 15. Rxd5 $1 $18 Bc6 {[#]} 16. Rc5 $1 Qd6 17. Qc4 Qd1+ 18. Kh2 ({Not} 18. Qf1 Bxf3 19. Qxd1 Bxd1 $16) 18... O-O 19. Rxc6 bxc6 20. Ng5 Rad8 21. Bf3 Qe1 22. Qe2 Qxe2 23. Bxe2 g6 24. c3 Rb8 25. Ra2 a5 26. Be3 Rfc8 27. Ne4 Be7 28. b4 axb4 29. cxb4 Ra8 30. Nc5 Rd8 31. Bf3 Rac8 32. a4 Bf6 33. a5 Bc3 34. Na6 Ra8 35. Rc2 Bd4 36. Bxd4 Rxd4 37. Rxc6 Kg7 38. Nc7 Rad8 39. a6 Rd2 40. Kg1 Ra2 41. Rc1 Rd3 42. Bb7 Rdd2 43. b5 Rxf2 44. b6 {Black must now prevent a7.} Rfb2 45. a7 Rxb6 46. a8=Q Rxa8 47. Bxa8 Rb4 48. Bf3 Kf6 49. Rc5 Rb2 50. Nb5 Ke7 51. Rc7+ Kd8 52. Rb7 f5 53. Nd4 Rxb7 54. Bxb7 Ke7 55. Bc8 e5 {[#]} 56. Nxf5+ $1 {Accuracy: White = 82%, Black = 48%.} 1-0

[Event "XLV Sevilla Open 2020"]
[Site "Sevilla"]
[Date "2020.01.16"]
[Round "7.1"]
[White "Li, Di"]
[Black "Grigoryan, Karen H."]
[Result "1/2-1/2"]
[WhiteElo "2562"]
[BlackElo "2632"]
[Annotator "TA"]
[PlyCount "47"]
[EventDate "2020.01.05"]
[EventType "swiss"]
[EventCountry "ESP"]
[SourceTitle "playchess.com"]
[Source "ChessBase"]
[SourceQuality "1"]

{[%evp 28,40,25,24,29,28,30,15,36,0,25,0,31,0,30]} 1. d4 d5 2. c4 e6 3. Nf3 Nf6 4. Nc3 Be7 5. Bg5 h6 6. Bxf6 Bxf6 7. e3 O-O 8. Rc1 c6 9. Bd3 Nd7 10. O-O dxc4 11. Bxc4 e5 12. Ne4 exd4 13. Nxf6+ Nxf6 14. Qxd4 Qxd4 15. Nxd4 Bd7 {D55: Queen's Gambit Declined: 4 Bg5 Be7: Lines without ...h6 and 6...h6 7 Bxf6} 16. Rfd1 Rfe8 17. Nb3 Re5 18. Nd4 Ree8 19. Nb3 Re5 20. Nd4 Ree8 {Predecessor:} 21. h3 $146 Kf8 22. Be2 Rad8 23. b4 a6 24. Bf3 {½-½ (21) Lukacs,P (2480)-Pinter,J (2550) Austria 2000} 1/2-1/2

[Event "XLV Sevilla Open 2020"]
[Site "Sevilla"]
[Date "2020.01.16"]
[Round "7.2"]
[White "Lu, Shanglei"]
[Black "Harutyunian, Tigran K."]
[Result "1-0"]
[WhiteElo "2611"]
[BlackElo "2533"]
[Annotator "TA"]
[PlyCount "61"]
[EventDate "2020.01.05"]
[EventType "swiss"]
[EventCountry "ESP"]
[SourceTitle "playchess.com"]
[Source "ChessBase"]
[SourceQuality "1"]

{[%evp 10,61,25,24,36,39,30,25,42,38,28,-22,25,11,66,44,70,70,104,104,131,148,143,136,182,104,250,250,249,249,250,250,317,325,338,344,353,343,329,327,375,370,377,349,335,277,414,391,611,625,850,879,876,875]} 1. e4 e5 2. Nf3 Nc6 3. Bc4 Bc5 4. c3 Nf6 5. d3 d6 6. O-O a5 {C54: Giuoco Piano: 4 c3 Nf6, main lines with 5 d4 and 5 d3} (6... a6 7. a4 h6 8. Re1 O-O 9. h3 Ba7 10. Nbd2 Be6 11. Bxe6 fxe6 12. b4 Nh5 13. Nf1 Qf6 14. Ra2 Nf4 15. Bxf4 Qxf4 {½-½ (44) Vachier Lagrave,M (2780)-Kramnik,V (2753) Moscow 2019}) 7. Bg5 h6 8. Bh4 Qe7 {White has an edge.} 9. Re1 $146 ({Predecessor:} 9. Nbd2 O-O 10. h3 Bd7 11. Re1 Rfe8 12. d4 exd4 13. e5 dxe5 {½-½ (30) Johnson,B (2311)-Chitescu,I (2263) ICCF email 2011}) 9... Ba7 10. Na3 {[%cal Bb1a3,Ba3c2,Bc2e3][%mdl 32]} g5 11. Bg3 Nh7 (11... h5 $11 12. h4 (12. Nxg5 h4 $17) 12... g4) 12. d4 O-O 13. Nc2 h5 {...h4 is the strong threat.} 14. h3 Kh8 {[#]} 15. Ne3 $1 g4 16. hxg4 Bxg4 17. d5 (17. Nxg4 $18 hxg4 18. Nh4) 17... Nb8 (17... Bxe3 $16 {was worth a try.} 18. Rxe3 (18. dxc6 b5 $14) 18... Nb8) 18. Nxg4 $18 hxg4 {[#]} 19. Nh4 $1 Qg5 20. Nf5 Nd7 21. Bh4 Qg6 22. g3 Nc5 {intending ...Nxe4.} 23. Qc2 f6 24. Kg2 Rf7 25. Rh1 Bb6 26. b4 Nd7 27. Rh2 Ndf8 (27... Kg8 {might work better.} 28. Bg5 fxg5) 28. a4 Kg8 (28... Re8 $142 29. Bb5 Rd8) 29. Be2 {White is clearly winning.} Rd8 {[#]} 30. Bxg4 $1 {[%mdl 512]} Rdd7 (30... Qxg4 31. Nh6+) 31. Qe2 {Accuracy: White = 78%, Black = 17%.} 1-0

[Event "XLV Sevilla Open 2020"]
[Site "Sevilla"]
[Date "2020.01.16"]
[Round "7.3"]
[White "Shevchenko, Kirill"]
[Black "Bernadskiy, Vitaliy"]
[Result "1-0"]
[WhiteElo "2553"]
[BlackElo "2588"]
[Annotator "TA"]
[PlyCount "67"]
[EventDate "2020.01.05"]
[EventType "swiss"]
[EventCountry "ESP"]
[SourceTitle "playchess.com"]
[Source "ChessBase"]
[SourceQuality "1"]

{[%evp 20,67,35,43,113,111,125,74,89,89,94,86,86,84,126,122,145,129,130,137,144,120,120,122,162,142,190,189,227,204,194,209,231,229,235,229,332,292,457,447,479,464,643,622,762,759,1492,1466,1760,840]} 1. e4 c5 2. Nf3 Nc6 3. Nc3 g6 4. d4 cxd4 5. Nxd4 Bg7 6. Be3 Nf6 7. Bc4 O-O 8. Bb3 d6 9. f3 Bd7 10. Qd2 Ne5 11. O-O-O a5 {[#] B78: Sicilian Dragon: Yugoslav Attack, 9 Bc4 Bd7 10 0-0-0 Rc8} (11... Rb8 $14) (11... Rc8 12. Kb1 Nc4 13. Bxc4 Rxc4 14. g4 b5 15. b3 b4 16. bxc4 bxc3 17. Qxc3 Qc7 18. g5 Nh5 19. Ka1 Rc8 20. Rb1 Be6 21. Rb2 Bxc4 22. Rhb1 d5 23. exd5 {1-0 (55) So,W (2754)-Duda,J (2728) Moscow 2019}) 12. a4 $1 $16 Rc8 13. Qe2 ({Better is} 13. g4) 13... Rxc3 {White is better.} 14. bxc3 Qc7 15. Nb5 Bxb5 16. Qxb5 Nfd7 $146 ({Predecessor:} 16... Qxc3 17. Bd4 Qc7 18. Bb6 Qc3 19. Bd4 Qc7 20. Bb6 {½-½ (20) Walter,G (2184)-Rotstein,J (2210) Berlin 2010}) 17. Bd4 Nc6 18. Bxg7 Kxg7 19. f4 Na7 20. Qc4 Qxc4 21. Bxc4 Nc5 22. e5 Nxa4 23. exd6 e6 {[#]} 24. Rhe1 $1 Rd8 25. g4 Nb6 26. Bf1 Nac8 27. Re5 Nd5 (27... Rxd6 {was worth a try.} 28. Rxa5 Nd5) 28. d7 Nce7 (28... Rxd7 {was called for.} 29. c4 Nf6 30. Rxd7 (30. Rxa5 Rc7 $18) 30... Nxd7) 29. c4 $18 {White is clearly winning.} Nxf4 30. Rb5 Nc6 31. Rxb7 Kf6 32. c5 Rf8 33. Bb5 Nd8 34. c6 {Accuracy: White = 81%, Black = 30%.} (34. Rb8 $142) 1-0

[Event "XLV Sevilla Open 2020"]
[Site "Sevilla"]
[Date "2020.01.16"]
[Round "7.4"]
[White "Shariyazdanov, Andrey"]
[Black "Polivanov, Anatoliy"]
[Result "1-0"]
[WhiteElo "2519"]
[BlackElo "2420"]
[Annotator "TA"]
[PlyCount "77"]
[EventDate "2020.01.05"]
[EventType "swiss"]
[EventCountry "ESP"]
[SourceTitle "playchess.com"]
[Source "ChessBase"]
[SourceQuality "1"]

{[%evp 9,77,26,40,31,32,18,22,-14,7,-12,4,2,18,0,12,8,8,-11,0,2,13,13,34,19,28,27,25,27,19,22,28,20,22,15,48,49,91,29,25,0,39,39,42,42,40,33,31,39,37,39,75,79,82,82,82,82,128,129,178,178,178,178,402,374,327,395,535,490,1012,977]} 1. d4 e6 2. c4 f5 3. Nf3 Nf6 4. g3 g6 (4... Be7 5. Bg2 O-O 6. O-O d6 7. Nc3 Qe8 8. b4 Nc6 9. b5 Nd8 10. a4 Qh5 11. Ba3 Nf7 12. Qc2 Re8 13. Rad1 e5 14. dxe5 dxe5 15. Bxe7 Rxe7 16. Nd5 Nxd5 17. Rxd5 {1-0 (39) Sakaev,K (2596)-Amin,B (2683) Moscow 2019}) 5. Bg2 Bg7 6. Nc3 {A84: Dutch Defence: 2 c4 Miscellaneous} O-O 7. d5 Qe7 8. dxe6 {The position is equal.} dxe6 9. O-O e5 $146 ({Predecessor:} 9... c6 10. Bf4 Rd8 11. Qb3 Nfd7 12. Rad1 {1-0 (30) Meuer,M-Schmidt,H Mannheim 1990}) 10. e4 c6 11. exf5 Bxf5 12. Re1 Nbd7 {[%cal Bb8d7,Bd7c5,Bc5d3][%mdl 32]} 13. Qb3 Nc5 14. Qa3 Nfd7 15. Ng5 Rae8 16. Nge4 {Black must now prevent Bg5.} Nd3 17. Qxe7 Rxe7 18. Bg5 Nxe1 19. Bxe7 Re8 20. Rxe1 Rxe7 21. Rd1 h6 22. b4 Nf8 23. b5 (23. Rd8 $16) 23... Ne6 $11 24. Rd6 cxb5 25. cxb5 Rc7 26. b6 $36 {[%mdl 2048] Black is under pressure.} axb6 27. Rxb6 Ng5 28. Nxg5 hxg5 29. Bd5+ Kh8 30. Ne4 Rd7 31. Rd6 Rxd6 32. Nxd6 $16 {[%mdl 4096] Endgame KBB-KBN} b6 33. Nf7+ Kg8 34. Nxg5+ Kf8 {[#]} 35. Be4 $1 {[%cal Re4f5] Bxf5 is the strong threat.} Bh6 $2 (35... Ke7 {was necessary.} 36. Bxf5 gxf5) 36. Bxf5 $18 gxf5 {[#]} 37. Nf3 $1 e4 38. Nd4 e3 (38... f4 $142 39. Ne6+ Ke7) 39. f4 {Accuracy: White = 68%, Black = 44%.} 1-0

[Event "XLV Sevilla Open 2020"]
[Site "Sevilla"]
[Date "2020.01.16"]
[Round "7.5"]
[White "Campora, Daniel H."]
[Black "Matamoros Franco, Carlos S."]
[Result "1/2-1/2"]
[WhiteElo "2420"]
[BlackElo "2487"]
[Annotator "TA"]
[PlyCount "30"]
[EventDate "2020.01.05"]
[EventType "swiss"]
[EventCountry "ESP"]
[SourceTitle "playchess.com"]
[Source "ChessBase"]
[SourceQuality "1"]

{[%evp 29,30,0,21]} 1. e4 e5 2. Nf3 Nc6 3. Bb5 a6 4. Ba4 Nf6 5. O-O Be7 6. Re1 b5 7. Bb3 d6 8. c3 O-O 9. h3 Bb7 $146 ({Predecessor:} 9... Re8 10. d4 {½-½ (14) Anand,V (2757)-Ding,L (2801) Kolkata 2019}) 10. d4 Re8 11. Ng5 Rf8 12. Nf3 Re8 13. Ng5 Rf8 14. Nf3 Re8 15. Ng5 Rf8 1/2-1/2

[Event "XLV Sevilla Open 2020"]
[Site "Sevilla"]
[Date "2020.01.16"]
[Round "7.6"]
[White "Gagare, Shardul"]
[Black "Bukal, Vladimir Jr."]
[Result "1-0"]
[WhiteElo "2481"]
[BlackElo "2385"]
[Annotator "TA"]
[PlyCount "98"]
[EventDate "2020.01.05"]
[EventType "swiss"]
[EventCountry "ESP"]
[SourceTitle "playchess.com"]
[Source "ChessBase"]
[SourceQuality "1"]

{[%evp 17,98,5,30,35,-13,38,35,37,44,45,41,33,72,72,57,57,68,47,78,70,63,62,88,87,105,78,75,70,80,70,79,77,79,82,97,91,87,83,456,451,433,170,171,166,164,129,118,111,124,117,160,151,345,345,340,340,343,334,343,332,432,387,496,470,526,518,545,570,598,662,1361,1295,1171,1064,5903,4906,29974,29972,29982,29983,29987,29988,29991]} 1. e4 e6 2. d4 d5 3. Nd2 c5 4. Ngf3 cxd4 5. Nxd4 Nc6 6. Bb5 Bd7 7. Nxc6 Bxc6 8. Bxc6+ bxc6 9. c4 dxe4 10. Nxe4 {C07: French Tarrasch: 3...c5, 4 Ngf3 and 4 exd5 Qxd5} Qxd1+ 11. Kxd1 Rd8+ 12. Kc2 {White is slightly better.} Rd4 13. Nd2 $1 Nf6 14. h3 h5 $146 ({Predecessor:} 14... Bb4 15. b3 Rd8 16. Re1 Ke7 17. Re2 Nd7 {1-0 (35) Vavulin,M (2582)-Hakobyan,A (2417) Khanty-Mansiysk 2016}) 15. b3 {[%cal Bb2b3,Bb3b4][%mdl 32]} Bc5 16. Re1 h4 17. Rb1 Rd8 18. Re2 Rh5 19. Nf3 Ng8 20. b4 Bd6 21. Re4 Be7 22. Be3 Bf6 23. Bxa7 Ra8 24. Bd4 Bxd4 25. Rxd4 Rxa2+ 26. Rb2 Ra3 27. b5 Ne7 $2 {[%mdl 8192]} (27... cxb5 $16 28. cxb5 (28. Rxb5 Rxb5 29. cxb5 Nf6 $14) 28... Ra7) 28. b6 $18 {[#] Hoping for b7.} Ra8 29. Rxh4 $2 (29. b7 Rb8 30. Ra2 (30. Nxh4 c5 $15) 30... Rxb7 31. Ra8+ (31. Nxh4 f6 $11) 31... Nc8 32. Rxc8+ {[%mdl 64] Double Attack} Ke7 33. Rxc6) 29... Rxh4 30. Nxh4 {[%mdl 4096] Endgame KRN-KRN} c5 31. Rb5 Rb8 32. Nf3 Nc6 33. Kc3 f6 34. Nd2 {aiming for Ne4.} Ne5 $2 {[#]} (34... Nd4 $16) 35. Nb3 ({Weaker is} 35. Rxc5 Nd7 $16) 35... Nd7 36. b7 ({Less strong is} 36. Nxc5 Nxc5 37. Rxc5 Rxb6 $16) 36... Ke7 37. h4 Kd6 38. g4 Kc6 39. h5 Kd6 40. f4 Kc6 41. g5 Kd6 42. g6 f5 43. Kd2 e5 44. fxe5+ Nxe5 45. Nxc5 Nxc4+ 46. Kc3 Na3 47. Ra5 {White mates.} Nb1+ 48. Kc2 Kc6 49. Kxb1 Kd5 {Accuracy: White = 76%, Black = 38%.} 1-0

[Event "XLV Sevilla Open 2020"]
[Site "Sevilla"]
[Date "2020.01.16"]
[Round "7.7"]
[White "Pecnik, Leo"]
[Black "Swayams, Mishra"]
[Result "1/2-1/2"]
[WhiteElo "2357"]
[BlackElo "2479"]
[Annotator "TA"]
[PlyCount "60"]
[EventDate "2020.01.05"]
[EventType "swiss"]
[EventCountry "ESP"]
[SourceTitle "playchess.com"]
[Source "ChessBase"]
[SourceQuality "1"]

{[%evp 15,60,-5,31,0,27,0,-15,-2,1,5,10,24,56,53,62,35,24,10,26,10,17,13,14,11,6,6,10,9,17,2,12,0,0,7,10,9,6,3,3,0,0,0,0,0,0,0,0]} 1. e4 e5 2. Nf3 Nc6 3. d4 exd4 4. Nxd4 Bc5 5. Be3 Qf6 6. c3 Nge7 7. Nc2 Bxe3 8. Nxe3 O-O 9. Be2 {C45: Scotch Game} (9. Bd3 Ne5 10. Bc2 Qb6 11. b3 d6 12. O-O f5 13. exf5 Bxf5 14. c4 Bxc2 15. Qxc2 Rf7 16. Nc3 Raf8 17. Qd2 {½-½ (31) Morozevich,A (2737)-Tomashevsky,E (2710) Saratov 2011}) 9... Qe6 $146 ({Predecessor:} 9... Qg6 10. Nd2 d6 11. O-O Be6 12. f4 f5 13. Kh1 fxe4 14. g3 Nf5 15. Nxf5 Qxf5 16. g4 {½-½ (16) Krejic,I (2264)-Jesenski,T (2289) Novi Sad 2017}) 10. Nd5 Qxe4 11. Nxc7 Rb8 12. O-O Qe5 13. Nb5 Nf5 14. Re1 Qf6 15. Nd2 d5 16. Nf3 a6 17. Nbd4 Nfxd4 {The position is equal.} 18. Nxd4 Nxd4 19. Qxd4 Qxd4 20. cxd4 Be6 21. Rac1 Rfc8 22. f4 Kf8 23. Bd3 g6 24. Kf2 Ke7 25. Rxc8 Rxc8 $11 {KRB-KRB} 26. g4 {[#] aiming for f5.} Kd6 27. g5 h6 28. h4 hxg5 29. fxg5 Rc6 30. Ke3 Rc8 {Accuracy: White = 39%, Black = 81%.} 1/2-1/2